000
00330nam a2200133Ia 4500
005
20251222141953.0
008
251222s9999||||xx |||||||||||||| ||spa||
020
_a
9972-853-04-7
082
_a
231.2/I59
245
0
_a
Dios Padre Creador
250
_a
5a.ed.
264
_b
Instituto de Teología Pastoral Fray Martín
942
_c
LIB
999
_c
9766
_d
9766